Blitz: Does It Contain 'A'? Quiz Stats

Quiz Updated Nov 23, 2014

Challenge
Share
Tweet
Embed
Score 0/80 Timer 01:00
1 Play Today
Word (Y)es or (N)o? % Correct
averaging???
81.9%
attracting???
81.6%
aardvark???
81.5%
solicitor???
81.4%
doll???
81.3%
bunion???
81.3%
champagne???
81.3%
monthly???
81.3%
syrup???
81.2%
store???
81.2%
surge???
81.2%
fossil???
81.2%
modulus???
81.1%
swore???
81.1%
photocopy???
81.1%
airway???
81.1%
strikingly???
81.1%
worshipped???
81%
management???
81%
thoughts???
81%
fugitive???
81%
must???
80.9%
softened???
80.9%
onomatopoeia???
80.9%
compulsion???
80.9%
murders???
80.9%
desiring???
80.9%
cologne???
80.9%
injections???
80.9%
tides???
80.9%
calendar???
80.8%
groceries???
80.8%
condense???
80.8%
frightening???
80.8%
blackmail???
80.8%
velocity???
80.8%
undermined???
80.7%
teepee???
80.7%
baseball???
80.7%
interfering???
80.7%
Word (Y)es or (N)o? % Correct
retrieve???
80.7%
fostered???
80.6%
speed???
80.6%
recommend???
80.6%
invaders???
80.6%
resigns???
80.4%
indebtedness???
80.3%
fade???
80.3%
ledger???
80.3%
receptive???
80.2%
scatter???
80.1%
resented???
80.1%
walled???
80.1%
liaison???
80.1%
assigns???
80%
maul???
80%
yearn???
80%
acquires???
79.9%
dwarf???
79.8%
wall???
79.7%
distracted???
79.6%
shawl???
79.5%
jurisprudence???
79.4%
haul???
79.4%
pirates???
79.3%
mentality???
79.1%
battered???
79%
annuity???
79%
creativity???
78.8%
travel???
78.7%
outrage???
78.4%
deliverance???
77.7%
marvelous???
77.7%
central???
77.6%
featured???
76.8%
soda???
76.5%
observatory???
75.6%
complimentary???
73.8%
forestall???
73.2%
topical???
67.7%

You're not logged in!

Compare scores with friends on all Sporcle quizzes.
Join for Free
OR
Log In

You Might Also Like...

Show Comments

Extras

Top Quizzes Today


Score Distribution

Your Account Isn't Verified!

In order to create a playlist on Sporcle, you need to verify the email address you used during registration. Go to your Sporcle Settings to finish the process.

Report this User

Report this user for behavior that violates our Community Guidelines.

Details: